|
|
|
|
| LEADER |
01463nam a2200409 4500 |
| 001 |
9781787569997 |
| 003 |
UtOrBLW |
| 005 |
20191015135049.0 |
| 006 |
m o d |
| 007 |
cr un||||||||| |
| 008 |
191018t20192019enk ob 001 0 eng d |
| 020 |
|
|
|a 9781787569997 (e-book)
|
| 040 |
|
|
|a UtOrBLW
|b eng
|e rda
|c UtOrBLW
|d GrThAP
|
| 050 |
|
4 |
|a ML3830
|b .P48 2019
|
| 072 |
|
7 |
|a MUS054000
|2 bisacsh
|
| 072 |
|
7 |
|a AVA
|2 bicssc
|
| 080 |
|
|
|a 781.1
|
| 082 |
0 |
4 |
|a 781.11
|2 23
|
| 100 |
1 |
|
|a Peters, Eleanor,
|e author.
|
| 245 |
1 |
4 |
|a The use and abuse of music :
|b criminal records /
|c Eleanor Peters.
|
| 264 |
|
1 |
|a Bingley, U.K. :
|b Emerald Publishing Limited,
|c 2019.
|
| 264 |
|
4 |
|c ©2019
|
| 300 |
|
|
|a 1 online resource (xii, 250 pages) ;
|c cm.
|
| 336 |
|
|
|a text
|b txt
|2 rdacontent
|
| 337 |
|
|
|a computer
|b c
|2 rdamedia
|
| 338 |
|
|
|a online resource
|b cr
|2 rdacarrier
|
| 490 |
1 |
|
|a Emerald studies in alternativity and marginalization
|
| 504 |
|
|
|a Includes bibliographical references and index.
|
| 588 |
0 |
|
|a Print version record.
|
| 650 |
|
0 |
|a Music
|x Psychological aspects.
|
| 650 |
|
0 |
|a Music
|x Social aspects.
|
| 650 |
|
0 |
|a Criminal psychology.
|
| 650 |
|
7 |
|a Music
|x Philosophy & Social Aspects.
|2 bisacsh
|
| 650 |
|
7 |
|a Theory of music & musicology.
|2 bicssc
|
| 776 |
|
|
|z 9781787690028
|
| 830 |
|
0 |
|a Emerald studies in alternativity and marginalization.
|
| 856 |
4 |
0 |
|u https://www.emerald.com/insight/publication/doi/10.1108/9781787569997
|z Full Text via HEAL-Link
|